00000000nas 2200000za 4500
0019.864434
003CaOODSP
00520221107161535
007cr |||||||||||
008181108d19601960oncar p oss  f0###a0eng|d
022 |y0575-9307
040 |aCaOODSP|beng
041 |aeng|afre
043 |an-cn---
0861 |aCS36-208-PDF
24500|aPaper box manufacturers |h[electronic resource] = |bManufacturiers de boîtes en carton.
24611|aManufacturiers de boîtes en carton
260 |a[Ottawa] : |bDominion Bureau of Statistics, Industry and Merchandising Division = Bureau fédéral de la statistique, Division de l'industrie et du commerce, |c1962.
310 |aAnnual
3620 |a1960.
4900 |aAnnual census of manufactures = |aRecensement annuel des manufactures
500 |aDigitized edition from print [produced by Statistics Canada].
546 |aText in English and French.
580 |aSplit into: Manufacturers of folding cartons and set-up boxes; and, Manufacturers of corrugated boxes.
653 2|aBoxes
69207|2gccst|aPulp and paper industry
69207|2gccst|aManufacturing industry
7101 |aCanada. |bDominion Bureau of Statistics. |bIndustry and Merchandising Division.
78000|tThe paper box and bag industry |w(CaOODSP)9.864121
792 |tPaper box manufacturers |efre|w(CaOODSP)9.864435